Agro-forestry potential in battambang province, សក្តានុពលកសិរុក្ខកម្មនៅខេត្តបាត់ដំបង (Record no. 1773)

000 -LEADER
fixed length control field 00538nam a22001577a 4500
003 - CONTROL NUMBER IDENTIFIER
control field OSt
005 - DATE AND TIME OF LATEST TRANSACTION
control field 20151003112101.0
008 - FIXED-LENGTH DATA ELEMENTS--GENERAL INFORMATION
fixed length control field 151003b xxu||||| |||| 00| 0 eng d
040 ## - CATALOGING SOURCE
Transcribing agency RUA
082 ## - DEWEY DECIMAL CLASSIFICATION NUMBER
Classification number AGR ហម​ 1995 B012 Or.1
100 ## - MAIN ENTRY--PERSONAL NAME
9 (RLIN) 1877
Personal name ហម​,​ វណ្ណា
245 ## - TITLE STATEMENT
Title Agro-forestry potential in battambang province, សក្តានុពលកសិរុក្ខកម្មនៅខេត្តបាត់ដំបង
260 ## - PUBLICATION, DISTRIBUTION, ETC. (IMPRINT)
Place of publication, distribution, etc. Phnom Penh
Name of publisher, distributor, etc. RUA
Date of publication, distribution, etc. 1995
300 ## - PHYSICAL DESCRIPTION
Extent 92p.
Other physical details ill.
Dimensions 29cm.
942 ## - ADDED ENTRY ELEMENTS (KOHA)
Source of classification or shelving scheme
Koha item type AGR
Holdings
Price effective from Date last seen Permanent Location Not for loan Date acquired Source of classification or shelving scheme Koha item type Barcode Lost status Damaged status Shelving location Withdrawn status Current Location Full call number
2015-10-032015-10-03Library Block B 2015-10-03 AGRRUA019493  B012 Library Block BAGR ហម​ 1995 B012 Or.1
មជ្ឈមណ្ឌលឯការនៃសាកលវិទ្យាល័យភូមិន្ទកសិកម្មចំការដូង

Powered by Koha